स्वातंत्र्यलढ्यात जाणजाती क्रांतिकारकांचे योगदान (Record no. 370082)

MARC details
000 -LEADER
fixed length control field 04051 a2200145 4500
003 - CONTROL NUMBER IDENTIFIER
control field OSt
005 - DATE AND TIME OF LATEST TRANSACTION
control field 20260206163947.0
008 - FIXED-LENGTH DATA ELEMENTS--GENERAL INFORMATION
fixed length control field 260206b |||||||| |||| 00| 0 eng d
100 ## - MAIN ENTRY--PERSONAL NAME
Personal name कलमारकर -चव्हाण एस.
9 (RLIN) 216446
245 ## - TITLE STATEMENT
Title स्वातंत्र्यलढ्यात जाणजाती क्रांतिकारकांचे योगदान
260 ## - PUBLICATION, DISTRIBUTION, ETC. (IMPRINT)
Name of publisher, distributor, etc. भारतीय विचार साधना प्रकाशन
Date of publication, distribution, etc. 2022
Place of publication, distribution, etc. पुणे
300 ## - PHYSICAL DESCRIPTION
Extent 55pp.
520 ## - SUMMARY, ETC.
Summary, etc. भारतीय स्वातंत्र्यलढ्यात जनजाती (आदिवासी) क्रांतिकारकांचे योगदान अनन्यसाधारण आणि सशस्त्र राहिले आहे. १८ व्या शतकापासूनच ब्रिटिशांच्या अन्यायकारक धोरणांविरुद्ध आदिवासींनी, जसे की भिल्ल, गोंड, मुंडा, संथाल आणि कोळी समुदायांनी, जंगल-जमिनीच्या हक्कासाठी व स्वराज्यासाठी सशस्त्र लढे दिले. हे लढे राष्ट्रीय मुक्ती चळवळीचे एक प्रकारे अग्रदूत ठरले [१५]. <br/>स्वातंत्र्यलढ्यातील प्रमुख आदिवासी क्रांतिकारक आणि योगदान:<br/>भगवान बिरसा मुंडा: १९ व्या शतकाच्या शेवटी मुंडा जमातीचे नेतृत्व करून ब्रिटिशांविरुद्ध 'उलगुलान' (महान चळवळ) उभी केली [१]. त्यांनी धर्मांतर आणि आदिवासींवरील अन्यायाविरुद्ध आवाज उठवला [६].<br/>उमाजी नाईक: महाराष्ट्रातील भिल्ल आणि कोळी समाजाला संघटित करून १८२६ ते १८३२ दरम्यान ब्रिटिशांविरुद्ध सशस्त्र संघर्ष केला. त्यांनी रामोशी समाजाच्या मदतीने ब्रिटिशांना जेरीस आणले [७].<br/>राणी गायडिनलियू: मणिपूरमधील या आदिवासी नेत्याने वयाच्या अवघ्या १३ व्या वर्षी ब्रिटिशांविरुद्ध उठाव केला आणि नागा जमातीला संघटित केले [१५].<br/>लक्ष्मण नाईक: ओडिसातील कोरापुट येथील आदिवासी नेते, ज्यांनी महात्मा गांधींच्या प्रेरणेने आदिवासींना कर न भरण्याच्या चळवळीत सामील केले [१५].<br/>सिद्धू आणि कान्हू मुर्मू: १८५५-५६ मध्ये संथाल उठावाचे नेतृत्व करत ब्रिटिशांच्या 'इजारेदार' प्रथेविरुद्ध लढा दिला [४].<br/>खानदेशातील आदिवासी: भिल्ल समुदायाने खानदेशात सातत्याने ब्रिटिश सत्तेला सशस्त्र लढा दिला आणि आपल्या जल-जंगल-जमिनीच्या अधिकारांचे रक्षण केले
942 ## - ADDED ENTRY ELEMENTS (KOHA)
Koha item type Books
Source of classification or shelving scheme Dewey Decimal Classification
Holdings
Withdrawn status Lost status Source of classification or shelving scheme Damaged status Not for loan Collection code Home library Current library Date acquired Vendor Cost, normal purchase price Total Checkouts Barcode Date last seen Cost, replacement price Bill Date Koha item type Original Barcode
    Dewey Decimal Classification     MCA MKSSS s K.B. Joshi Institute of Information Technology Library MKSSS s K.B. Joshi Institute of Information Technology Library 31/01/2026 188 42.00   KBJP-BK-2947 31/01/2026 60.00 31/01/2026 Books 2947